| 000 | 00807nam a22002657i 4500 | ||
|---|---|---|---|
| 003 | DO-SdBNP | ||
| 005 | 20250820081155.0 | ||
| 007 | ta | ||
| 008 | 250820b2018 ||||| |||| 00| 0 spa d | ||
| 020 | _a9789945610024 | ||
| 040 |
_aDO-SdBNP _bspa _cBNPHU _erda |
||
| 041 | _asp | ||
| 082 |
_aF- _bM524I _222 |
||
| 245 |
_aIdeario de Mella / _cLeonor Tejada, compilado y anotado |
||
| 264 |
_aSanto Domingo : _bTribunal Constitucional de la República Dominicana, _c2018 |
||
| 300 |
_a35 páginas ; _c15 cm |
||
| 336 |
_ardacontent _btexto _2txt |
||
| 337 |
_ardamedia _bsin mediación _2n |
||
| 338 |
_ardacarrier _bvolumen _2nc |
||
| 590 | _aInventariado, 2025 / DG | ||
| 600 |
_aMella, Ramón Matías _d1816-1864 _981140 |
||
| 700 |
_aTejada, Leonor _eCompilador _973343 |
||
| 910 | _aDG | ||
| 942 |
_2ddc _cLF2 |
||
| 999 |
_c59800 _d59800 |
||